000 00744nam a2200277Ia 4500
003 OSt
005 20221007103014.0
006 a|||||r|||| 00| 0
007 ta
008 221006b |||||||| |||| 00| 0 eng d
020 _a8171944337
024 _a11,958
037 _cTextual
040 _aLCO
_cLCO
_beng
041 _2eng
_aeng
082 _aX72:(Z), P6
100 _aSinghania V.K.
245 0 _aDirect Taxes
_b Law and Practice 2006-07
250 _a36th
260 _aNew
_bDelhi Taxmann Publications (P.) Ltd. India
_c2006
300 _a1425
650 _aDIRECT TAXES
_9431678
700 _a Singhania K.
942 _hX72:(Z), P6
_cTEXL
999 _c1181521
_d1181521